Sports Quiz

Random Sports or MLB Quiz

All Time Saves Leader for each MLB Team Quiz Stats

 Plays Quiz not verified by Sporcle

Score 0/30 Timer 08:00
0 Plays Today
Team Player % Correct
New York YankeesMariano Rivera
96.4%
San Diego PadresTrevor Hoffman
96.4%
Oakland A'sDennis Eckersley
90.9%
Boston Red SoxJonathan Papelbon
90%
Philadelphia PhilliesJonathan Papelbon
90%
Los Angeles DodgersEric Gagne
81.8%
Chicago CubsLee Smith
80.9%
Minnesota TwinsJoe Nathan
80.9%
Houston AstrosBilly Wagner
80%
New York MetsJohn Franco
77.3%
Atlanta BravesCraig Kimbrel
75.5%
Miami MarlinsRobb Nen
68.2%
San Francisco GiantsRobb Nen
68.2%
Detroit TigersTodd Jones
66.4%
Los Angeles AngelsTroy Percival
64.5%
Team Player % Correct
St. Louis CardinalsJason Isringhausen
63.6%
Chicago White SoxBobby Thigpen
62.7%
Toronto Blue JaysTom Henke
56.4%
Arizona DiamondbacksJose Valverde
52.7%
Seattle MarinersKazuhiro Sasaki
50.9%
Tampa Bay RaysRoberto Hernandez
48.2%
Washington NationalsJeff Reardon
46.4%
Kansas City RoyalsJeff Montgomery
45.5%
Baltimore OriolesGregg Olson
39.1%
Colorado RockiesBrian Fuentes
36.4%
Texas RangersJohn Wetteland
36.4%
Cleveland IndiansBob Wickman
32.7%
Milwaukee BrewersDan Plesac
28.2%
Cincinnati RedsDanny Graves
27.3%
Pittsburgh PiratesRoy Face
20.9%

You're not logged in!

Compare scores with friends on all Sporcle quizzes.
OR
Log In

Show Comments

Extras

Created Aug 11, 2015ReportNominate
Tags:MLB Quiz, leader, player, save, team

Top Quizzes Today


Score Distribution

Your Account Isn't Verified!

In order to create a playlist on Sporcle, you need to verify the email address you used during registration. Go to your Sporcle Settings to finish the process.

Report this User

Report this user for behavior that violates our Community Guidelines.

Details: